| 000 | 00351nam a22001217a 4500 | ||
|---|---|---|---|
| 005 | 20250808132136.0 | ||
| 008 | 250808b |||||||| |||| 00| 0 eng d | ||
| 020 | _a9780245504051 | ||
| 245 |
_aHARRAP,S FINANCE DICTIONNNAIRE _cGEAROID CRONIN Editor |
||
| 260 |
_aEDINBURGH _bCHAMBERS HARRAP PUBLISHERS _cc2000 |
||
| 300 | _ax,; 168p.; | ||
| 942 |
_2lcc _cREF _n0 |
||
| 999 |
_c7243 _d7243 |
||